000
00295 a2200133 4500
001
155844
040
_c
Escola São Tomás de Aquino
100
_a
GAUTHIER, Maxmilien
240
1
0
_a
Louvre I Paris
_l
por
245
1
0
_a
Louvre I Paris
300
_a
151
697
_a
GENERALIDADES
942
_c
BK
999
_c
155844
_d
155844